Japan destiny

Discusses the problems and position of Japan in the world today, its technological growth, and the conflicting ideologies of pacifism and militarism as they may affect its future. Includes a chronology.

保存先:
書誌詳細
第一著者: Axelbank, Albert
フォーマット: 図書
言語:Undetermined
出版事項: New York Watts 1973
主題:
タグ: タグ追加
タグなし, このレコードへの初めてのタグを付けませんか!
Thư viện lưu trữ: Trung tâm Học liệu Trường Đại học Cần Thơ
LEADER 00740nam a2200217Ia 4500
001 CTU_110024
008 210402s9999 xx 000 0 und d
082 |a 952.04 
082 |b A969 
100 |a Axelbank, Albert 
245 0 |a Japan destiny 
245 0 |c Albert Axelbank 
260 |a New York 
260 |b Watts 
260 |c 1973 
520 |a Discusses the problems and position of Japan in the world today, its technological growth, and the conflicting ideologies of pacifism and militarism as they may affect its future. Includes a chronology. 
650 |a Japan,Japan 
650 |x History,Juvenile literature,History 
650 |y 1945-,1945- 
904 |i Minh 
980 |a Trung tâm Học liệu Trường Đại học Cần Thơ